Devinez l'État Américain Mystère #14 - Statistiques

Statistiques générales
  • Ce quiz a été pris 214 fois
  • Le résultat moyen est 31 sur 34
Statistiques - réponses
Type de Réponse Réponse % Correct
Lettre de l'Alphabet N
100%
Lettre de l'Alphabet R
100%
Lettre de l'Alphabet E
99%
Lettre de l'Alphabet O
99%
Lettre Trouvée A
98%
Lettre de l'Alphabet I
98%
Lettre de l'Alphabet S
98%
Lettre de l'Alphabet D
96%
Lettre de l'Alphabet K
96%
Lettre Trouvée L
96%
Lettre de l'Alphabet T
95%
Lettre de l'Alphabet W
95%
Lettre de l'Alphabet F
94%
Lettre de l'Alphabet H
94%
Lettre de l'Alphabet V
94%
Lettre de l'Alphabet C
93%
Lettre de l'Alphabet G
93%
Lettre Trouvée M
93%
Lettre de l'Alphabet Y
93%
Lettre de l'Alphabet U
92%
Lettre Bien Placée A
89%
Lettre de l'Alphabet P
89%
Lettre de l'Alphabet X
89%
Lettre Bien Placée L
88%
Lettre Bien Placée A
87%
Lettre Bien Placée A
87%
Lettre de l'Alphabet Z
87%
Lettre Trouvée B
86%
Lettre de l'Alphabet J
86%
Lettre de l'Alphabet Q
85%
Lettre Bien Placée A
84%
État Mystère Alabama
84%
Lettre Bien Placée B
84%
Lettre Bien Placée M
84%
Aucun quiz correspondant
Distribution des résultats
% des personnes avec chaque résultat
Percentile par nombre de réponses
Votre historique - résultats
Vous n’avez pas pris ce quiz